书目信息 |
| 题名: |
辛亥革命
|
|
| 作者: | 吴玉章 编著 | |
| 分册: | ||
| 出版信息: | 北京 北京人民出版社 1973 |
|
| 页数: | 182页 | |
| 开本: | 19cm | |
| 丛书名: | ||
| 单 册: | ||
| 中图分类: | K257.1 | |
| 科图分类: | ||
| 主题词: | 中国--历史--1840~1949 | |
| 电子资源: | ||
| ISBN: | ||
| 000 | 00673nam0 2200229 45 | |
| 001 | 0209231656 | |
| 005 | 20060718092915.17 | |
| 010 | @dCNY0.59 | |
| 091 | @a11074.115 | |
| 100 | @a20020923d1973 km y0chiy0120 ea | |
| 101 | 0 | @achi |
| 102 | @aCN@b110000 | |
| 200 | 1 | @a辛亥革命@AXin Hai Ge Ming@f吴玉章编著@Fwu yu zhang bian zhu |
| 210 | @a北京@c北京人民出版社@d1973 | |
| 215 | @a182页@c照片@d19cm | |
| 410 | @1700 0@a中国史学会@AZhong Guo Shi Xue Hui@4主编 | |
| 410 | @12001 @a中国近代史资料丛刊 | |
| 606 | 0 | @a中国@x历史@z1840~1949 |
| 690 | @aK257.1@v3 | |
| 701 | 0 | @a吴玉章@Awu yu zhang@4编著 |
| 801 | @aCN@bTSTC@c20060718 | |
| 905 | @dK257.1@e8@f1@b54039 | |
| 辛亥革命/吴玉章编著.-北京:北京人民出版社,1973 |
| 182页:照片;19cm |
| ISBN :CNY0.59 |
| ● |
| 相关链接 |
|
|
|
|
正题名:辛亥革命
索取号:K257.1/8
 
预约/预借
| 序号 | 登录号 | 条形码 | 馆藏地/架位号 | 状态 | 备注 |
| 1 | 0424244 | 204242444 | 密集书库/ [索取号:K257.1/8] | 在馆 |